'The Walking Dead' Characters by Last Words Quiz Stats

 Plays Quiz not verified by Sporcle

Score 0/29 Timer 06:00
0 Plays Today
% Correct
Abraham
89.7%
Glenn
85.4%
Jessie
83.6%
Merle
77.4%
Shane
76.9%
Denise
76%
Lori
74.9%
Dale
74.7%
Lizzie
74.6%
Beth
74%
Amy
73.1%
The Governor
71.2%
Martinez
71%
Noah
68.3%
Hershel
68%
% Correct
Nicholas
67.8%
Bob
66.6%
Gareth
66.5%
T-Dog
66.1%
Andrea
60.3%
Tyreese
57.9%
Randall
55.7%
Dr. Edwin Jenner
54.7%
Ron
51.9%
Deanna
51.3%
Pete
49.6%
Dawn
47.5%
Aiden
46.5%
Eastman
42.7%

You're not logged in!

Compare scores with friends on all Sporcle quizzes.
OR
Log In

Sporcle TV

Today on Sporcle TV


Watch our educational content, quiz creation guides, and fun videos on Sporcle TV.

Show Comments

Extras

Top Quizzes Today


Score Distribution

Your Account Isn't Verified!

In order to create a playlist on Sporcle, you need to verify the email address you used during registration. Go to your Sporcle Settings to finish the process.

Report this User

Report this user for behavior that violates our Community Guidelines.

Details: